| 000 | 00641nam a22001577a 4500 | ||
|---|---|---|---|
| 003 | OSt | ||
| 005 | 20151105140624.0 | ||
| 008 | 151105b xxu||||| |||| 00| 0 eng d | ||
| 040 | _cRUA | ||
| 082 | _aFOR HEN 1999 B126 Or.1 | ||
| 100 |
_93389 _aHENG, SOTHEA. |
||
| 245 | _aAgroforestry carried out by local community in chantrea district svayrieng province, កសិរុក្ខកម្មដែលអនុវត្តដោយប្រជាជនសហគមន៍នៅស្រុកចន្រ្ទា ខេត្តស្វាយរៀង | ||
| 260 |
_aPhnom Penh _bRUA _c1999 |
||
| 300 |
_a57p. _bill. _c29cm. |
||
| 942 |
_2ddc _cFOR |
||
| 999 |
_c3162 _d3162 |
||